[Event "Toronto NAYCC U18"]
[Site "Toronto"]
[Date "2013.08.15"]
[Round "3"]
[White "Inigo, Aquino"]
[Black "Schneider, Thomas G"]
[Result "1-0"]
[WhiteElo "2241"]
[BlackElo "1952"]
[PlyCount "91"]
[EventDate "2013.08.14"]
[EventType "swiss"]
[EventRounds "9"]
[EventCountry "CAN"]
[SourceTitle "EXT 2022"]
[Source "ChessBase"]
[SourceDate "2021.10.06"]
[SourceVersion "1"]
[SourceVersionDate "2021.10.06"]
[SourceQuality "1"]

1. d4 d5 2. c4 c6 3. Nf3 Nf6 4. Nc3 e6 5. Bg5 Nbd7 6. e3 Qa5 7. Nd2 Bb4 8. Qc2 0-0 9. a3 dxc4 10. Bxf6 Nxf6 11. Nxc4 Bxc3+ 12. bxc3 Qd5 13. Nd2 e5 14. Nf3 exd4 15. cxd4 Bf5 16. Bd3 Be4 17. Bxe4 Nxe4 18. 0-0 f5 19. Rab1 b6 20. Rbc1 Rad8 21. Rfd1 f4 22. Ne5 fxe3 23. fxe3 c5 24. Nf3 c4 25. Nd2 Nxd2 26. Rxd2 Rfe8 27. Qc3 b5 28. Re1 Re4 29. Rf2 a6 30. Ref1 h6 31. Rf5 Qe6 32. R1f3 Rd6 33. Kf2 Rd5 34. Rf8+ Kh7 35. Qc2 Rd7 36. R3f4 Re7 37. Rxe4 Qxe4 38. Qxe4+ Rxe4 39. Ra8 Re6 40. d5 Rd6 41. e4 Kg6 42. Ke3 c3 43. Rc8 a5 44. Rxc3 Kf6 45. Kd4 Ke7 46. Rc7+ 1-0

[Event "Toronto NAYCC U18"]
[Site "Toronto"]
[Date "2013.08.15"]
[Round "2"]
[White "Schneider, Thomas G"]
[Black "Colas, Joshua"]
[Result "0-1"]
[WhiteElo "1952"]
[BlackElo "2405"]
[PlyCount "130"]
[EventDate "2013.08.14"]
[EventType "swiss"]
[EventRounds "9"]
[EventCountry "CAN"]
[SourceTitle "EXT 2022"]
[Source "ChessBase"]
[SourceDate "2021.10.06"]
[SourceVersion "1"]
[SourceVersionDate "2021.10.06"]
[SourceQuality "1"]

1. d4 Nf6 2. c4 e6 3. Nf3 Bb4+ 4. Bd2 Qe7 5. g3 b6 6. Bg2 Bb7 7. 0-0 0-0 8. Bf4 Bd6 9. Bxd6 Qxd6 10. a3 Qe7 11. Nc3 d6 12. Qc2 Nbd7 13. e4 e5 14. d5 Ne8 15. Nh4 g6 16. Bh3 Ng7 17. b4 a6 18. Nd1 Bc8 19. Ne3 Qg5 20. Kg2 Nh5 21. Kh1 Qe7 22. Qe2 Nf4 23. gxf4 Qxh4 24. Bxd7 Bxd7 25. Ng2 Qe7 26. Qe3 exf4 27. Nxf4 Rae8 28. Rae1 f5 29. exf5 Qxe3 30. Rxe3 Rxe3 31. fxe3 Bxf5 32. Kg1 Re8 33. Kf2 Kf7 34. Rc1 g5 35. Ne2 Re5 36. Ng3 Bd7 37. e4 h5 38. Nxh5 Rxe4 39. Ng3 Rf4+ 40. Ke3 Rh4 41. Ne4 Rxh2 42. Nxg5+ Kf6 43. Ne4+ Ke5 44. Rg1 Rh3+ 45. Rg3 Rxg3+ 46. Nxg3 b5 47. Kd3 bxc4+ 48. Kxc4 Bb5+ 49. Kc3 a5 50. bxa5 Kxd5 51. Nf5 c5 52. Ne3+ Kc6 53. Nc2 d5 54. Kd2 d4 55. Ne1 Kd5 56. Nc2 Ba6 57. Ne1 c4 58. Nc2 c3+ 59. Kc1 Kc4 60. Nb4 Bb7 61. a6 Bf3 62. a7 d3 63. Nxd3 Kxd3 64. a4 c2 65. a5 Bd5 0-1